000 00285 a2200121 4500
001 89972
082 _a891.4391 AYU
090 _c42433
_d42433
100 _aAyub Khawar
245 _aGul-e-Mausam-e-Khizan
_hUrdu
260 _aLahore
_bAlhamd Publications
_c2010
300 _a224p.
942 _aCAE NUST
_k891.4391 AYU
999 _c325045
_d325045